Chemistry (Record no. 32717)
[ view plain ]
| 000 -LEADER | |
|---|---|
| fixed length control field | 003920000a22001570004500 |
| 003 - CONTROL NUMBER IDENTIFIER | |
| control field | MACL |
| 040 ## - CATALOGING SOURCE | |
| Original cataloging agency | MACL |
| 090 ## - LOCALLY ASSIGNED LC-TYPE CALL NUMBER (OCLC); LOCAL CALL NUMBER (RLIN) | |
| -- | 33054 |
| -- | 33052 |
| 100 ## - MAIN ENTRY--PERSONAL NAME | |
| Personal name | Dubey, R.K |
| 245 ## - TITLE STATEMENT | |
| Title | Chemistry |
| Remainder of title | A comprehensive Handbook For UPSC Civil Seervices Preliminary Examination |
| 260 ## - PUBLICATION, DISTRIBUTION, ETC. (IMPRINT) | |
| Name of publisher, distributor, etc. | Aurobindo Book House |
| 350 ## - PRICE (NR) (BK AM CF MU VM SE) [OBSOLETE] | |
| Price | 180 |
| 650 ## - SUBJECT ADDED ENTRY--TOPICAL TERM | |
| Topical term or geographic name as entry element | Chemistry |
| 942 ## - ADDED ENTRY ELEMENTS (KOHA) | |
| Koha item type | Library Membar |
| Call number prefix | 540/Dub |
| 951 ## - EQUIVALENCE OR CROSS-REFERENCE--GEOGRAPHIC NAME/AREA NAME [OBSOLETE] [CAN/MARC only] | |
| -- | 540/Dub BOOK |
No items available.









